000 01057nam a2200229Ia 4500
001 840.9-PAP be fo (9476)
003 IT-MiSPE
008 171229s9999||||xx |||||||||||||| ||und||
040 _aIT-MiSPE
_cIT-MiSPE
041 _aITALIANO
100 _aBenedetta Papasogli
245 0 _aIl "fondo" del cuore
_bFigure dello spazio interiore nel Seicento francese
250 _a1a ed. (v)
260 _aPisa
_bEd. Libreria Goliardica
_c1991
300 _a320 p.
_c21 cm
490 _aStoria e critica delle idee
_v17
500 _aFrancese - Letteratura
501 _aEdizioni San Paolo srl - Piazza Soncino, 5 - 20092 CINISELLO BALSAMO (MI) (non commercial uses only) ® Copyright 2018
942 _cBK
957 _71
999 _a17686
_bNO
_g Copie: 1
_c353327
_d353327